La sangre : (Registro nro. 25900)
[ vista simple ]
| 000 -CABECERA | |
|---|---|
| campo de control de longitud fija | 00898nam a2200289 a 4500 |
| 001 - NÚMERO DE CONTROL | |
| campo de control | 000026408 |
| 003 - IDENTIFICADOR DEL NÚMERO DE CONTROL | |
| campo de control | OSt |
| 005 - FECHA Y HORA DE LA ÚLTIMA TRANSACCIÓN | |
| campo de control | 20240412074252.0 |
| 007 - CAMPO FIJO DE DESCRIPCIÓN FÍSICA--INFORMACIÓN GENERAL | |
| campo de control de longitud fija | ta |
| 008 - DATOS DE LONGITUD FIJA--INFORMACIÓN GENERAL | |
| campo de control de longitud fija | 091102s1955 dr a 000 f spa d |
| 040 ## - FUENTE DE LA CATALOGACIÓN | |
| Centro catalogador/agencia de origen | DO-SdBNP |
| Lengua de catalogación | spa |
| Centro/agencia transcriptor | DO-SdBNP |
| 041 ## - CÓDIGO DE LENGUA | |
| Código de lengua original | spa |
| 049 ## - FONDOS LOCALES (OCLC) | |
| Fondos de biblioteca | |
| 082 #4 - NÚMERO DE LA CLASIFICACIÓN DECIMAL DEWEY | |
| Número de clasificación | RD863.4 |
| Número de documento/Ítem | C422s1955 |
| Número de edición | 22 |
| 100 1# - ENTRADA PRINCIPAL--NOMBRE DE PERSONA | |
| Nombre de persona | Cestero, Tulio M., |
| Forma completa/desarrollada del nombre | (Tulio Manuel), |
| Fechas asociadas al nombre | 1877-1955 |
| 9 (RLIN) | 1698 |
| 245 13 - MENCIÓN DE TÍTULO | |
| Título | La sangre : |
| Resto del título | una vida bajo la tiranía / |
| Mención de responsabilidad, etc. | Tulio M. Cestero : introducción Vertilio Alfau Duran |
| 250 ## - MENCIÓN DE EDICIÓN | |
| Mención de edición | 2a ed corr. |
| 260 ## - PUBLICACIÓN, DISTRIBUCIÓN, ETC. | |
| Lugar de publicación, distribución, etc. | Santo Domingo : |
| Nombre del editor, distribuidor, etc. | Librería Dominicana, |
| Fecha de publicación, distribución, etc. | 1955. |
| 300 ## - DESCRIPCIÓN FÍSICA | |
| Extensión | 214 p. : |
| Otras características físicas | il. ; |
| Dimensiones | 19 cm. |
| 590 ## - NOTA LOCAL (RLIN) | |
| Nota local | inventariado, 2020/VM |
| 650 #4 - PUNTO DE ACCESO ADICIONAL DE MATERIA--TÉRMINO DE MATERIA | |
| Término de materia o nombre geográfico como elemento de entrada | Novela dominicana. |
| 9 (RLIN) | 860 |
| 650 #0 - PUNTO DE ACCESO ADICIONAL DE MATERIA--TÉRMINO DE MATERIA | |
| Término de materia o nombre geográfico como elemento de entrada | Literatura dominicana. |
| 9 (RLIN) | 67 |
| 700 ## - PUNTO DE ACCESO ADICIONAL--NOMBRE DE PERSONA | |
| Nombre de persona | Alfau Duran, Vertilio |
| Término indicativo de función/relación | intr. |
| 9 (RLIN) | 77433 |
| 910 ## - DATOS DE OPCIÓN DEL USUARIO (OCLC) | |
| Datos de opción del usuario | VMateo / Validado. Control de calidad. MAA |
| 942 ## - ELEMENTOS DE PUNTO DE ACCESO ADICIONAL (KOHA) | |
| Fuente del sistema de clasificación o colocación | Dewey Decimal Classification |
| Tipo de ítem Koha | Libro |
| 956 ## - LOCALIZACIÓN Y ACCESO ELECTRÓNICOS LOCAL (OCLC) | |
| Nombre del host | |
| Estado de retiro | Estado de pérdida | Fuente del sistema de clasificación o colocación | No para préstamo | Código de colección | Localización permanente | Ubicación/localización actual | Ubicación en estantería | Fecha de adquisición | Número de inventario | Signatura topográfica completa | Código de barras | Fecha visto por última vez | Precio válido a partir de | Tipo de ítem Koha | Nota pública | Restricciones de uso | Fuente de adquisición | Total de préstamos | Número de copia |
|---|---|---|---|---|---|---|---|---|---|---|---|---|---|---|---|---|---|---|---|
| Dewey Decimal Classification | Excluido de préstamo | Raros y valiosos | Biblioteca Nacional Pedro Henríquez Ureña | Biblioteca Nacional Pedro Henríquez Ureña | Depósito | 17.03.2011 | BNPHU PD-RV RD863.4 C422s 1955 | 26408-10 | 25.06.2020 | 25.06.2020 | Libro | ||||||||
| Dewey Decimal Classification | Raros y valiosos | Biblioteca Nacional Pedro Henríquez Ureña | Biblioteca Nacional Pedro Henríquez Ureña | Depósito | 17.03.2011 | BNPHU PD-RV RD863.4 C422s 1955 | 26408-20 | 26.11.2020 | 25.06.2020 | Libro | Perteneció a la biblioteca personal de Fedérico Henríquez y Carvajal | Excluido de préstamo | Fedérico Henríquez y Carvajal | e.2 |
